[Event "HCL-C188"]
[Site "www.playchess.de"]
[Date "2001.04.24"]
[Round "10"]
[White "nikolayk"]
[Black "ionutz"]
[WhiteElo "1401"]
[BlackElo "1000"]
[PlyCount "59"]
[Result "1-0"]

1.e4 c5 {Privet!}  2.Nf3 Nc6 {Privet!}  3.Nc3 g6 
4.d4 cxd4 5.Nxd4 Bg7 {Hallo, Freund!}  6.Be3 e6 
7.Qd2 Nge7 8.O-O-O O-O 9.Nxc6 bxc6 10.Na4 d5 11.c4 
Bb7 12.Kb1 Ba6 13.cxd5 Bxf1 14.Rhxf1 cxd5 15.exd5 
Nxd5 16.Nc3 Nxc3+ 17.bxc3 Qxd2 18.Bxd2 Rfd8 19.Be3 
Rxd1+ 20.Rxd1 Bxc3 21.Kc2 Rc8 22.Kb3 Rc7 23.Rc1 
Be5 24.Rxc7 Bxc7 25.Bxa7 Bxh2 26.a4 Kf8 27.a5 Ke8 
28.a6 Kd7 29.Be3 Kc7 30.Kc4 1-0

[Event "HCL-M013"]
[Site "www.playchess.de"]
[Date "2001.04.24"]
[Round "3"]
[White "rayschutt"]
[Black "bonin"]
[WhiteElo "2636"]
[BlackElo "2200"]
[PlyCount "49"]
[Result "1-0"]

1.d4 {Hello, Greetings!}  Nf6 2.c4 e6 {Hello!}  
3.Nf3 d5 4.Nc3 Be7 5.Bg5 O-O 6.e3 h6 7.Bh4 b6 
8.Be2 Bb7 9.Bxf6 Bxf6 10.cxd5 exd5 11.b4 c6 12.O-O 
Re8 13.Qb3 Qd6 14.Rfe1 Nd7 15.Bd3 a5 16.bxa5 Rxa5 
17.e4 dxe4 18.Nxe4 Qc7 19.Nxf6+ Nxf6 20.Rxe8+ Nxe8 
21.Ne5 c5 22.Nxf7 Kf8 23.Ne5 Nd6 24.Qe6 g5 
25.Nd7+ 1-0

[Event "HCL-A080"]
[Site "www.playchess.de"]
[Date "2001.04.24"]
[Round "13"]
[White "chessnut"]
[Black "swiety"]
[WhiteElo "2066"]
[BlackElo "1700"]
[PlyCount "63"]
[Result "1-0"]

1.c4 e5 {hello from nyc}  2.g3 Nf6 {where you 
from?}  3.Bg2 {I'm from Kentucky!}  c6 {what 
city?}  4.d4 {Elizabethtown and where are you 
from?}  exd4 {from new york city}  5.Qxd4 d5 
6.cxd5 cxd5 7.Nf3 Nc6 8.Qa4 Bc5 9.O-O O-O 10.Bg5 
Re8 11.Nc3 d4 12.Rad1 Qb6 13.Nxd4 Bxd4 14.Bxc6 
Bxf2+ 15.Rxf2 Ng4 16.Rd4 bxc6 17.Rxg4 Bxg4 18.Qxg4 
Qxb2 19.Kg2 Re6 20.Qf3 Rf8 21.e4 Qb4 22.Bc1 Qe7 
23.a4 f6 24.Qd3 Rb8 25.Bf4 Rd8 26.Qc4 Kh8 27.Rb2 
Re8 28.a5 g5 29.Be3 Qa3 30.Ra2 Qe7 31.a6 Rd8 
32.Bxa7 1-0

[Event "HCL-C196"]
[Site "www.playchess.de"]
[Date "2001.04.24"]
[Round "3"]
[White "Jovane_Nikolic"]
[Black "peevee1383"]
[WhiteElo "1000"]
[BlackElo "1000"]
[PlyCount "55"]
[Result "1-0"]

1.Nf3 d5 2.c4 d4 {hi!where r u from?}  3.e4 c5 
{bangalore,wht abt u?}  4.b4 e6 {pl re:whr ru 
from?}  5.bxc5 Bxc5 6.Be2 Nc6 7.Ba3 Bxa3 8.Nxa3 e5 
9.O-O d3 10.Bxd3 Qxd3 {enjoy!}  11.Nb5 Qd8 {good!} 
 12.d4 a6 13.d5 axb5 14.dxc6 Qxd1 15.Rfxd1 bxc6 
16.Nxe5 bxc4 17.Nxc6 Bb7 18.Ne5 Bxe4 19.Rde1 f5 
20.f3 Nf6 21.fxe4 Nxe4 22.Nxc4 O-O 23.Ne3 Ra7 
24.Nxf5 Rxf5 25.Rxe4 Rfa5 26.a4 g6 {agree for 
draw?,rook pawn ending is a dead draw.}  27.Kf2 
Kg7 28.h4 {after, ok?}  1-0

[Event "ACL-A089"]
[Site "www.playchess.de"]
[Date "2001.04.24"]
[Round "7"]
[White "guerino"]
[Black "Hermi"]
[WhiteElo "1199"]
[BlackElo "2063"]
[PlyCount "48"]
[Result "0-1"]

1.e4 c5 2.Nf3 e6 3.d4 cxd4 4.Nxd4 Nf6 5.Nc3 Nc6 
6.Be2 Bb4 7.Bg5 Bxc3+ 8.bxc3 Qa5 9.Qd2 Nxe4 10.Qe3 
Nxg5 11.O-O h6 12.h4 Nh7 13.Nxc6 dxc6 14.Rfd1 O-O 
15.Rd2 Nf6 16.g4 b6 17.c4 e5 18.f3 e4 19.fxe4 Bxg4 
20.Kh1 Rfe8 21.Bxg4 Rxe4 22.Qf2 Nxg4 23.Qf3 Qxd2 
24.Rg1 Qh2+ 0-1

[Event "HCL-B202"]
[Site "www.playchess.de"]
[Date "2001.04.24"]
[Round "6"]
[White "Colm"]
[Black "Karl"]
[WhiteElo "1283"]
[BlackElo "1108"]
[PlyCount "63"]
[Result "1-0"]

1.e4 {good luck}  d5 2.exd5 c6 3.dxc6 Nxc6 4.Nc3 
Nf6 5.Bb5 Bd7 6.Nf3 e6 7.O-O Bb4 8.Qe2 O-O 9.d3 
Bxc3 10.bxc3 Qa5 11.Bxc6 Bxc6 12.Bd2 Qa4 13.Nd4 
Qa5 14.Nxc6 Qa4 15.Nd4 Rfe8 16.Be3 e5 17.Nb3 Nd5 
18.c4 Nc3 19.Qg4 f6 20.Nc5 Qxc2 21.Bh6 Re7 22.Ne6 
Ne2+ 23.Kh1 g6 24.Nc5 f5 25.Qf3 Nd4 26.Qd5+ Kh8 
27.f4 exf4 28.Qxd4+ Kg8 29.Rae1 Rae8 30.Rxe7 Rxe7 
31.Qd8+ Kf7 32.Qf8+ 1-0

[Event "HCL-B209"]
[Site "www.playchess.de"]
[Date "2001.04.24"]
[Round "3"]
[White "polemicz"]
[Black "Fabian"]
[WhiteElo "1854"]
[BlackElo "1369"]
[PlyCount "29"]
[Result "1-0"]

1.e4 c5 2.Nf3 Nc6 3.d4 cxd4 4.Nxd4 d6 5.c4 a6 
6.Nc3 Nf6 7.Be2 e6 8.O-O Bd7 9.Be3 Qc7 10.Rc1 Be7 
11.f4 O-O 12.Bf3 Rab8 13.Qd2 Rfd8 14.b3 b6 
15.Nd5 1-0

[Event "HCL-C201"]
[Site "www.playchess.de"]
[Date "2001.04.24"]
[Round "29"]
[White "fartman"]
[Black "craigsadler"]
[WhiteElo "1000"]
[BlackElo "699"]
[PlyCount "47"]
[Result "1-0"]

1.d4 c6 2.c4 d5 {you know, you're the first person 
on this site that hasn't replied 2.e4 to that :)}  
3.e3 Nf6 4.Nc3 Bf5 5.cxd5 Nxd5 6.Nf3 e6 7.Bd3 Bxd3 
8.Qxd3 Bd6 9.a3 O-O 10.O-O Nd7 11.b4 N7f6 12.Bb2 
Nxc3 13.Bxc3 Qc7 14.e4 Be7 15.Rfe1 Rad8 16.Qc2 Ng4 
17.Bb2 Bh4 18.g3 Be7 19.h3 Nf6 20.Ng5 h6 21.Nf3 a6 
22.Qc3 Nh7 23.d5 exd5 24.Qxg7+ {Nice to play with 
you,canadian}  1-0

[Event "ACL-E007"]
[Site "www.playchess.de"]
[Date "2001.04.24"]
[Round "8"]
[White "peze"]
[Black "Al-azmi"]
[WhiteElo "1889"]
[BlackElo "2086"]
[PlyCount "121"]
[Result "1-0"]

1.e4 c5 2.Nf3 d6 3.d4 cxd4 4.Nxd4 Nf6 5.Nc3 a6 
6.Be3 e6 7.f3 b5 8.g4 h6 9.Qd2 Nbd7 10.O-O-O Bb7 
11.h4 b4 12.Na4 Qa5 13.b3 Nc5 14.a3 Nxa4 15.axb4 
Qc7 16.bxa4 d5 17.e5 Nd7 18.f4 Nb6 19.f5 Nxa4 
20.fxe6 Nc3 21.exf7+ Kxf7 22.Bd3 Nxd1 23.Rf1+ Kg8 
24.Kxd1 a5 25.Qf2 Bxb4 26.Bg6 Rf8 27.Qxf8+ Bxf8 
28.Rxf8+ Kxf8 29.Ne6+ Ke7 30.Nxc7 d4 31.Bxd4 Rd8 
32.c3 Bf3+ 33.Kc2 Bxg4 34.Kb3 Kd7 35.Nb5 Bd1+ 
36.Ka3 Rf8 37.Nd6 Bf3 38.Ka4 Ra8 39.h5 Bd1+ 40.Ka3 
Rg8 41.Nf5 Ke6 42.Bh7 Rf8 43.Nxg7+ Kd5 44.Bg6 Rf1 
45.Nf5 Ke6 46.Nxh6 Be2 47.Ka4 Ra1+ 48.Kb3 Rf1 
49.Ng8 Rf8 50.Nf6 Bd1+ 51.Ka3 Rh8 52.Ne8 Ke7 
53.Ng7 Bg4 54.e6 Kd6 55.Bf6 Kc6 56.e7 Bd7 57.Bf5 
Bxf5 58.Nxf5 Rg8 59.h6 Rc8 60.Ng7 Kd7 
61.h7 1-0

[Event "ACL-A116"]
[Site "www.playchess.de"]
[Date "2001.04.24"]
[Round "2"]
[White "John_Lucky_Pickhead"]
[Black "Loge"]
[WhiteElo "1500"]
[BlackElo "1500"]
[PlyCount "72"]
[Result "0-1"]

1.e4 e5 2.Nf3 Nc6 3.Bb5 a6 4.Bxc6 dxc6 5.O-O Qd6 
6.Na3 Be6 7.Ng5 Bd7 8.Nc4 Qg6 9.d3 f6 10.Nf3 O-O-O 
11.a4 h5 12.Nh4 Qe8 13.Be3 Be6 14.Qe2 Nh6 15.Rfb1 
c5 16.c3 Ng4 17.b4 Nxe3 18.Nxe3 cxb4 19.cxb4 g5 
20.Nhf5 Qd7 21.Rbd1 Bxb4 22.Qc2 Qf7 23.Rab1 a5 
24.d4 Bxf5 25.Nxf5 exd4 26.Nxd4 Qe7 27.Rbc1 Qe5 
28.Rd3 Rhe8 29.g3 Rd7 30.Nb5 Rxd3 31.Qxd3 Bc5 
32.Rd1 b6 33.Qd7+ Kb7 34.Nd6+ Bxd6 35.Rxd6 Qxd6 
36.Qxe8 h4 0-1

[Event "HCL-E038"]
[Site "www.playchess.de"]
[Date "2001.04.24"]
[Round "10"]
[White "Merscheid"]
[Black "Ostap_Bender"]
[WhiteElo "2213"]
[BlackElo "2380"]
[PlyCount "82"]
[Result "1/2-1/2"]

1.e4 c5 2.Nf3 Nc6 3.d4 cxd4 4.Nxd4 Nf6 5.Nc3 d6 
6.Bg5 Bd7 7.Qd2 Rc8 8.Be2 Nxd4 9.Qxd4 Qa5 10.Bd2 
a6 11.O-O Qc5 12.Qd3 g6 13.Be3 Qa5 14.Bd4 Bg7 
15.Rfd1 O-O 16.Bxf6 Bxf6 17.Nd5 Bh4 18.Qd2 Qxd2 
19.Rxd2 Bc6 20.g3 Bxd5 21.exd5 Bf6 22.c3 Rc5 23.f4 
h6 24.Kf2 Rfc8 25.a3 Kf8 26.Bf3 Ke8 27.h3 Kd8 
28.h4 Kc7 29.Re2 b5 30.h5 g5 31.fxg5 Bxg5 32.Bg2 
Kb6 33.a4 Bf6 34.a5+ Kb7 35.Rae1 R5c4 36.R2e4 Rxe4 
37.Rxe4 Rg8 38.Rf4 Rg5 39.g4 Re5 40.Rf5 Rxf5+ 
41.gxf5 b4 1/2-1/2

[Event "HCL-C224"]
[Site "www.playchess.de"]
[Date "2001.04.24"]
[Round "8"]
[White "Brazil"]
[Black "Sirob11"]
[WhiteElo "1734"]
[BlackElo "999"]
[PlyCount "59"]
[Result "1/2-1/2"]

1.d4 d5 {Hello}  2.Nf3 {Hi there}  Nf6 3.c4 dxc4 
4.Na3 e6 5.Nxc4 Bb4+ 6.Bd2 Nc6 7.Bxb4 Nxb4 8.Qa4+ 
Nc6 9.e3 Bd7 10.Qb3 O-O 11.Bd3 Re8 12.Nce5 Nd5 
13.O-O Ncb4 14.Nxd7 Nxd3 15.Nde5 Nxe5 16.Nxe5 f6 
17.Nf3 b6 18.Rac1 Qd6 19.Rc2 f5 20.Ne5 c5 21.Nc4 
Qc6 22.Ne5 Qd6 23.Nc4 Qd7 24.Rd2 Qe7 25.Ne5 Rac8 
26.Rfd1 Qc7 27.Qc2 Ref8 28.Nf3 Qe7 29.dxc5 Qxc5 
30.Qxc5 1/2-1/2

[Event "ACL-A119"]
[Site "www.playchess.de"]
[Date "2001.04.24"]
[Round "34"]
[White "chessnut"]
[Black "foxzy"]
[WhiteElo "1953"]
[BlackElo "1266"]
[PlyCount "49"]
[Result "1-0"]

1.c4 e5 2.g3 Nf6 3.Bg2 c6 4.Nc3 d5 5.cxd5 cxd5 
6.d4 e4 7.Bg5 Be7 8.f3 exf3 9.Nxf3 Be6 10.Qb3 b6 
11.Ne5 a5 12.Qb5+ Nbd7 13.Nc6 Qc7 14.Rc1 Bd6 
15.Bxf6 Nxf6 16.Nxd5 Nxd5 17.Bxd5 Bxd5 18.Ne5+ Bc6 
19.Rxc6 Bb4+ 20.Kf2 Qxc6 21.Qxc6+ Ke7 22.Qd7+ Kf6 
23.Qxf7+ Kg5 24.Qf4+ Kh5 25.Qh4+ 1-0

[Event "ACL-A126"]
[Site "www.playchess.de"]
[Date "2001.04.24"]
[Round "1"]
[White "hercos"]
[Black "badplayer"]
[WhiteElo "1500"]
[BlackElo "1500"]
[PlyCount "56"]
[Result "0-1"]

1.e4 c5 2.Nf3 d6 3.d4 cxd4 4.Nxd4 Nf6 5.Nc3 a6 
6.f3 e6 7.Be3 Be7 8.g4 h6 9.Qd2 e5 10.Nf5 Bxf5 
11.gxf5 b5 12.a3 Nc6 13.Rg1 {hi, what do you do ?} 
 Kf8 {I am Financeprofessional and work in 
Electricity generating utility}  14.O-O-O {i an an 
electrical engineering student}  Qc7 15.Be2 Rd8 
16.Rg2 Na5 17.Rdg1 Rh7 18.Kb1 Nc4 19.Bxc4 Qxc4 
20.h4 d5 21.b3 Qc6 22.exd5 Nxd5 23.Nxd5 Rxd5 
24.Qf2 Bxa3 25.Bc1 Bxc1 26.Kxc1 Qf6 27.Qa7 e4 
28.Qa8+ Rd8 0-1

[Event "HCL-C234"]
[Site "www.playchess.de"]
[Date "2001.04.24"]
[Round "13"]
[White "guerino"]
[Black "ionutz"]
[WhiteElo "1134"]
[BlackElo "1330"]
[PlyCount "33"]
[Result "1-0"]

1.e4 c5 2.Nf3 Nc6 3.d4 cxd4 4.Nxd4 e5 5.Nb5 d6 
6.N1c3 a6 7.Na3 Be7 8.Nd5 Nf6 9.f3 Be6 10.Nxf6+ 
Bxf6 11.c3 b5 12.Nc2 O-O 13.Be3 Bg5 14.Qd2 Bxe3 
15.Qxe3 Qc7 16.Be2 Rad8 17.O-O 1-0

[Event "HCL-E039"]
[Site "www.playchess.de"]
[Date "2001.04.24"]
[Round "26"]
[White "Zynaps"]
[Black "FD515"]
[WhiteElo "2000"]
[BlackElo "2114"]
[PlyCount "72"]
[Result "1/2-1/2"]

1.e4 e5 2.Nf3 Nc6 3.d4 exd4 4.Nxd4 Bc5 5.Nb3 Bb6 
6.a4 Qh4 7.Qe2 Nf6 8.a5 Nd4 9.Nxd4 Bxd4 10.Ra4 c5 
11.c3 Be5 12.g3 Qg4 13.Qxg4 Nxg4 14.f4 Bc7 15.Bg2 
d6 16.O-O Bd7 17.Ra1 O-O-O 18.h3 Nf6 19.a6 Bc6 
20.axb7+ Kxb7 21.Re1 Rhe8 22.Nd2 Re7 23.b4 Rde8 
24.bxc5 Nxe4 25.Nxe4 d5 26.Bf1 dxe4 27.Ba6+ Ka8 
28.Be3 f5 29.Kf2 g6 30.Re2 Rd7 31.Rb2 Rb8 32.Rab1 
Rxb2+ 33.Rxb2 Rd1 34.Be2 Rd8 35.Ba6 Rb8 36.Rxb8+ 
Kxb8 1/2-1/2

[Event "HCL-E043"]
[Site "www.playchess.de"]
[Date "2001.04.24"]
[Round "6"]
[White "Avva"]
[Black "peze"]
[WhiteElo "1932"]
[BlackElo "2031"]
[PlyCount "26"]
[Result "0-1"]

1.e4 e5 {Hello and good luck}  2.f4 {Hello!}  exf4 
3.Nf3 d6 4.d4 g5 5.h4 g4 6.Ng1 f5 7.Nc3 Nf6 8.Bxf4 
fxe4 9.Qd2 d5 10.Nb5 Na6 11.Be5 c6 12.Qg5 Be7 
13.Nd6+ Bxd6 0-1

[Event "HCL-C239"]
[Site "www.playchess.de"]
[Date "2001.04.24"]
[Round "16"]
[White "Coney"]
[Black "sonnyspock"]
[WhiteElo "1109"]
[BlackElo "1108"]
[PlyCount "55"]
[Result "1-0"]

1.d4 d5 2.c4 c6 3.Nc3 dxc4 4.e4 Nf6 5.e5 Nd5 6.Nf3 
Bg4 7.Bxc4 e6 8.Nxd5 cxd5 9.Bb5+ Nc6 10.O-O Be7 
11.Bxc6+ bxc6 12.Be3 O-O 13.Rc1 Rb8 14.Rxc6 Rxb2 
15.Ra6 Rb7 16.Qa4 Bxf3 17.gxf3 Qb8 18.f4 Rb4 
19.Qc2 Rc8 20.Qe2 Rb2 21.Qg4 Rcc2 22.f5 Qb7 23.Bh6 
Bf8 24.Bxg7 Bxg7 25.f6 Kf8 26.Qxg7+ Ke8 27.Qg8+ 
Kd7 28.Rd6+ 1-0

[Event "HCL-C247"]
[Site "www.playchess.de"]
[Date "2001.04.24"]
[Round "1"]
[White "Claire"]
[Black "fabrizio"]
[WhiteElo "755"]
[BlackElo "1399"]
[PlyCount "74"]
[Result "0-1"]

1.e4 c5 2.Nf3 Nc6 3.Bc4 Na5 4.b3 Nf6 5.Nc3 Nxc4 
6.O-O Nb6 7.Bb2 d5 8.d4 dxe4 9.Ne5 cxd4 10.Nb5 
Nfd7 11.Bxd4 a6 12.Nc3 Nxe5 13.Bxe5 Qxd1 14.Raxd1 
Bf5 15.Rfe1 Rc8 16.Nxe4 Bxe4 17.Rxe4 Rxc2 18.Red4 
f6 19.R4d8+ Kf7 20.Bf4 e6 21.Be3 Nd5 22.a3 Rc3 
23.a4 Nxe3 24.fxe3 Rxb3 25.e4 Bc5+ 26.Kf1 Rxd8 
27.Rxd8 Rb4 28.Rd7+ Be7 29.e5 fxe5 30.Kf2 b6 
31.Rd2 Rxa4 32.Re2 e4 33.Rb2 Bc5+ 34.Ke2 e3 35.Rb3 
Ra2+ 36.Ke1 b5 37.Rc3 Bb4 0-1

[Event "ACL-A130"]
[Site "www.playchess.de"]
[Date "2001.04.24"]
[Round "1"]
[White "Geoffrey16"]
[Black "ayounis"]
[WhiteElo "1576"]
[BlackElo "1500"]
[PlyCount "20"]
[Result "0-1"]

1.e4 e5 2.Nf3 Nc6 3.Bb5 a6 4.Ba4 Nf6 5.d3 d6 
6.Bxc6+ bxc6 7.Nc3 g6 8.Bg5 Be7 9.Qd2 O-O 10.h4 
c5 0-1

[Event "HCL-B250"]
[Site "www.playchess.de"]
[Date "2001.04.24"]
[Round "1"]
[White "Bauernopfer"]
[Black "lonewolf"]
[WhiteElo "1336"]
[BlackElo "1428"]
[PlyCount "78"]
[Result "1/2-1/2"]

1.e4 Nf6 2.Nc3 d5 {Hello,good luck}  3.exd5 Nxd5 
4.Nxd5 {good luck, too}  Qxd5 5.d4 {.}  e5 6.dxe5 
Qxe5+ 7.Qe2 Qxe2+ 8.Bxe2 Nc6 9.Bf4 Bc5 10.Bxc7 Be6 
11.Nf3 O-O 12.O-O Rfe8 13.Bb5 Re7 14.Bf4 a6 
15.Bxc6 bxc6 16.b3 Bf5 17.c4 Bd3 18.Rfe1 Re2 
19.Rxe2 Bxe2 20.Ne5 Bd4 21.Re1 Bxe5 22.Bxe5 Rd8 
23.h3 Rd1 24.Rxd1 Bxd1 25.c5 f6 26.Bd4 Bc2 27.b4 
Kf7 28.f4 g5 29.fxg5 fxg5 30.g3 h5 31.Kf2 Bf5 
32.h4 gxh4 33.gxh4 Ke6 34.Ke3 Kd5 35.Bc3 Kc4 
36.Bd2 Be6 37.a4 Bf5 38.a5 Bc2 39.Be1 Kd5 {draw?} 
 1/2-1/2

[Event "HCL-B251"]
[Site "www.playchess.de"]
[Date "2001.04.24"]
[Round "9"]
[White "Lycanth"]
[Black "Dlastdon"]
[WhiteElo "1443"]
[BlackElo "1339"]
[PlyCount "85"]
[Result "1-0"]

1.e4 {Hello}  c5 2.Nf3 Nc6 3.d4 e6 4.c3 cxd4 
5.cxd4 Qb6 6.Nc3 g6 7.b3 Bg7 8.Be3 Nh6 9.d5 Bxc3+ 
10.Nd2 Bxd2+ 11.Qxd2 Qa5 12.dxc6 Qxd2+ 13.Bxd2 Ng8 
14.cxd7+ Bxd7 15.Bc4 Nf6 16.Bc3 Ke7 17.g4 Rhd8 
18.f3 Rac8 19.h4 Bb5 20.Bb4+ Kd7 21.Bxb5+ Kc7 
22.Rc1+ Kb6 23.Rxc8 Rxc8 24.Bc4 a5 25.Bc3 Nd7 
26.Kf2 Kc5 27.Rc1 b6 28.Ba6 Ra8 29.Be5+ Kb4 
30.Bd6+ Nc5 31.Bb7 Rd8 32.Rc4+ Ka3 33.Ra4+ Kb2 
34.Bxc5 bxc5 35.Rxa5 Rd2+ 36.Ke3 Kc3 37.Rxc5+ Kb4 
38.Rc7 Rxa2 39.Rxf7 Ra3 40.Rxh7 Rxb3+ 41.Kf4 Rc3 
42.Re7 Rc5 43.Rxe6 1-0

[Event "HCL-C255"]
[Site "www.playchess.de"]
[Date "2001.04.24"]
[Round "24"]
[White "freddy"]
[Black "TRUBLU"]
[WhiteElo "1000"]
[BlackElo "1000"]
[PlyCount "82"]
[Result "0-1"]

1.d4 d5 2.Nc3 e6 3.e4 c6 4.Nf3 Be7 5.Ne2 Nf6 6.e5 
Ne4 7.Nf4 g5 8.Nh5 g4 9.Ng7+ Kd7 10.Bd3 gxf3 
11.Qxf3 Bb4+ 12.Ke2 Ng5 13.Qg4 h6 14.h4 Ne4 
15.Bxe4 dxe4 16.a3 Kc7 17.f4 Qd5 18.Rd1 Qc4+ 
19.Kf2 Qxc2+ 20.Qe2 e3+ 21.Bxe3 Qg6 22.axb4 Qxg7 
23.Rac1 Rg8 24.Ke1 Qg3+ 25.Bf2 Qxf4 26.b5 Rxg2 
27.bxc6 Nxc6 28.Rc5 Qh2 29.Kd2 Rxf2 30.Re1 Rxe2+ 
31.Rxe2 Qf4+ 32.Kd1 Qxd4+ 33.Rd2 Qxc5 34.Rc2 Qxe5 
35.b4 Qd4+ 36.Kc1 Bd7 37.b5 Rg8 38.Rb2 Rg1+ 39.Kc2 
Rg2+ 40.Kb3 {bin matt}  Qxb2+ {appears so}  41.Ka4 
{machts Spaß???}  Qa2+ 0-1

[Event "HCL-B259"]
[Site "www.playchess.de"]
[Date "2001.04.24"]
[Round "4"]
[White "thales"]
[Black "andersonmello"]
[WhiteElo "1500"]
[BlackElo "1200"]
[PlyCount "77"]
[Result "1-0"]

1.d4 d5 2.Nf3 c5 3.c3 Nf6 4.dxc5 Nc6 5.e3 e6 6.b4 
a5 7.Bb5 Bd7 8.Bxc6 Bxc6 9.Nd4 Qc7 10.O-O Be7 
11.Nd2 O-O 12.Bb2 Ra7 13.b5 Bxc5 14.bxc6 bxc6 
15.Qa4 Rc8 16.Ba3 Bb6 17.Rab1 Nd7 18.N2f3 c5 
19.Nb5 Qc6 20.Nxa7 Qxa4 21.Nxc8 Qxa3 22.Nxb6 Nxb6 
23.Rxb6 Kf8 24.Rfb1 Qxa2 25.Ne5 Ke7 26.R6b7+ Kf6 
27.Ng4+ Kg6 28.h4 Kh5 29.Ne5 f6 30.Nf3 e5 31.g4+ 
Kxg4 32.Kg2 Qe2 33.Rxg7+ Kf5 34.Rb6 e4 35.Nh2 Qh5 
36.Rg4 Qe8 37.Rf4+ Ke5 38.Rbxf6 h5 
39.R4f5+ 1-0

[Event "HCL-C258"]
[Site "www.playchess.de"]
[Date "2001.04.24"]
[Round "5"]
[White "Herb_CN"]
[Black "liero2"]
[WhiteElo "857"]
[BlackElo "799"]
[PlyCount "37"]
[Result "1-0"]

1.e4 e5 2.Nf3 d6 3.d4 exd4 4.Nxd4 Qe7 5.Nc3 Nf6 
6.Bg5 h6 7.Bh4 {Hello liero2. Can you tell me 
about Anguilla?}  Qd8 8.Bc4 Be7 9.Bxf6 Bxf6 10.O-O 
O-O 11.Re1 Bd7 {I'm not from anguilla.I don't want 
to say my country.}  12.Nd5 c5 13.Nf5 Bxf5 14.exf5 
b6 15.c3 Be5 16.Qg4 Nd7 17.Rad1 {NOTE: I will be 
away Apr 7-14.}  a6 18.Re2 b5 19.Bb3 1-0

[Event "ACL-A137"]
[Site "www.playchess.de"]
[Date "2001.04.24"]
[Round "3"]
[White "Smutje"]
[Black "plobi"]
[WhiteElo "1135"]
[BlackElo "1469"]
[PlyCount "36"]
[Result "0-1"]

1.e4 Nf6 2.e5 Nd5 3.Qf3 e6 4.c4 Nb4 5.Kd1 d6 6.a3 
N4c6 7.Bd3 Nxe5 8.Qe3 Nxd3 9.Qxd3 Qg5 10.g3 b6 
11.f4 Qg4+ 12.Kc2 Bb7 13.Nc3 Bxh1 14.b4 c5 15.b5 
Qg6 {schade, dass du deinen turm verloren hast! 
hättest du aber sehen müssen .. aber du bist schon 
besser}  16.Bb2 {danke für die blumen! ich spiele 
einfach nicht vorausschauend}  Qxd3+ {naja, du 
müßtest nur 2-3 züge vorausdenken, für den anfang! 
erspart dir einige probleme ...}  17.Kxd3 a6 
18.Nge2 Bf3 0-1

[Event "HCL-C264"]
[Site "www.playchess.de"]
[Date "2001.04.24"]
[Round "1"]
[White "Toady"]
[Black "DJFisherman"]
[WhiteElo "687"]
[BlackElo "1000"]
[PlyCount "41"]
[Result "1-0"]

1.e4 c6 2.d4 d5 3.exd5 cxd5 4.Nf3 Nf6 5.Bb5+ Bd7 
6.Bxd7+ Nbxd7 7.Nc3 e6 8.Bf4 Bb4 9.O-O Rc8 10.Nb5 
Qb6 11.Qe2 a6 12.Nc3 Bxc3 13.bxc3 Ne4 14.Qe3 Rxc3 
15.Qc1 Qc6 16.Ne5 Nxe5 17.Bxe5 O-O 18.f3 Rxc2 
19.Qe3 Qc3 20.Qxc3 Nxc3 21.g4 1-0

[Event "ACL-A141"]
[Site "www.playchess.de"]
[Date "2001.04.24"]
[Round "10"]
[White "THEGREENMILE"]
[Black "ulibear"]
[WhiteElo "1500"]
[BlackElo "1299"]
[PlyCount "41"]
[Result "1-0"]

1.d4 Nf6 2.c4 e6 3.Nc3 d5 4.Nf3 dxc4 5.e4 c6 
6.Bxc4 Bb4 7.Qc2 O-O 8.O-O b5 9.Bd3 g6 10.e5 Nd5 
11.h4 f5 12.exf6 Qxf6 13.Bh6 Re8 {solche Züge 
gefallen mir nicht}  14.Ne4 Qd8 15.Ne5 {schaun mer 
mal ich spiele zur zeit alle partien ohne computer 
und eröffnungsbücher}  Bf8 {genau, ich denke, nur 
so lerne ich was}  16.Bg5 Be7 17.Rfc1 Bxg5 {schwer 
per Kopp alles zu sehen und zu bedenken}  18.hxg5 
Rf8 19.Nc5 Qf6 {weg mit dem Störenfried g5}  
20.gxf6 Rxf6 {mich verfingert mit ...Df6 - noch 
ein Zug und das wars}  21.Ne4 {sorry vielleicht 
trifft man sich noch mal}  1-0

[Event "HCL-C271"]
[Site "www.playchess.de"]
[Date "2001.04.24"]
[Round "3"]
[White "falko"]
[Black "Elrond"]
[WhiteElo "1000"]
[BlackElo "1663"]
[PlyCount "70"]
[Result "0-1"]

1.e4 e5 2.d4 exd4 3.Nf3 Nc6 4.Qd3 Bc5 5.a3 Nf6 
6.c3 dxc3 7.Nxc3 a6 8.Bd2 d6 9.h3 O-O 10.O-O-O Be6 
11.Re1 Bxf2 12.Re2 Bg3 13.Bg5 Ne5 14.Qe3 Nc4 
15.Qd3 h6 16.Bh4 Bf4+ 17.Kc2 c6 18.g3 Ne5 19.Nxe5 
Bxe5 20.Rg1 Qb6 21.Rgg2 Qb3+ 22.Kc1 Bc4 23.Rgf2 
Bxd3 24.Re3 Bxf1 25.Rxf1 g5 26.Rxf6 Bxf6 27.e5 
Bxe5 28.Nd1 Bxb2+ 29.Nxb2 Qxe3+ 30.Kc2 Rfe8 31.Nd1 
Qe2+ 32.Kc3 Re4 33.Nb2 Re3+ 34.Kb4 a5+ 35.Ka4 
b5+ 0-1

[Event "HCL-C269"]
[Site "www.playchess.de"]
[Date "2001.04.24"]
[Round "2"]
[White "Stephen21"]
[Black "craigsadler"]
[WhiteElo "1175"]
[BlackElo "799"]
[PlyCount "111"]
[Result "1-0"]

1.e4 c6 2.d4 d5 3.Qf3 dxe4 4.Qxe4 Nf6 5.Qf4 e6 
6.Nf3 Nd5 7.Qe5 Nd7 8.Qe2 h6 9.g3 Bd6 10.Bg2 N7f6 
11.b3 O-O 12.O-O b5 13.c4 bxc4 14.Qxc4 Bb7 15.Nc3 
Qb6 16.Nxd5 Nxd5 17.Ne5 Rfe8 18.Bb2 Ba6 19.Qc2 
Bxf1 20.Rxf1 Bxe5 21.dxe5 Rad8 22.a4 Nb4 23.Qe4 
Rd2 24.Bc3 Rd5 25.Qc4 Na2 26.Bxd5 cxd5 27.Qe2 Nxc3 
28.Qc2 Ne4 29.h4 Nxg3 30.Rb1 Rf8 31.b4 a6 32.a5 
Qd4 33.b5 Ne4 34.b6 Nxf2 35.b7 Ng4+ 36.Kh1 Nf2+ 
37.Kg2 Ne4 38.b8Q {%}  Rxb8 39.Rxb8+ Kh7 40.Ra8 
Qxe5 41.Kf1 Qf4+ 42.Ke1 Qxh4+ 43.Ke2 Qf2+ 44.Kd3 
Nc5+ 45.Kc3+ Qxc2+ 46.Kxc2 f5 47.Kc3 g5 48.Kb4 
Nd3+ 49.Kc3 Nc5 50.Kb4 Ne4 51.Ra7+ Kg6 52.Rxa6 Kf6 
53.Rc6 f4 54.a6 f3 55.a7 f2 56.a8Q {%} 
 1-0

[Event "HCL-B275"]
[Site "www.playchess.de"]
[Date "2001.04.24"]
[Round "2"]
[White "Michael"]
[Black "Matu"]
[WhiteElo "914"]
[BlackElo "1563"]
[PlyCount "72"]
[Result "0-1"]

1.Nc3 d5 2.d4 Nf6 3.g3 Bf5 4.Bf4 a6 5.Nf3 e6 6.e3 
Bb4 7.a3 Bxc3+ 8.bxc3 Nh5 9.Bd3 Bxd3 10.Qxd3 Nxf4 
11.gxf4 b5 12.e4 dxe4 13.Qxe4 Qd5 14.Qe3 Nd7 15.a4 
Ke7 16.O-O Nb6 17.a5 Nc4 18.Qe2 Qf5 19.Nh4 Qxf4 
20.Ng2 Qd2 21.Qxd2 Nxd2 22.Rfe1 Nf3+ 23.Kf1 Nxe1 
24.Rxe1 Rhd8 25.Nf4 g5 26.Nh5 Rac8 27.Re3 c5 
28.Rd3 cxd4 29.Rg3 h6 30.Kg2 Rxc3 31.Kh3 Rxg3+ 
32.Nxg3 Rc8 33.Kg4 Rxc2 34.Ne4 f5+ 35.Kh5 fxe4 
36.Kxh6 Kf6 0-1

[Event "HCL-B275"]
[Site "www.playchess.de"]
[Date "2001.04.24"]
[Round "7"]
[White "Savage"]
[Black "Matu"]
[WhiteElo "1435"]
[BlackElo "1563"]
[PlyCount "57"]
[Result "1-0"]

1.e4 {Hello}  d5 2.exd5 Qxd5 3.Nc3 Qa5 4.d4 Bf5 
5.Bd2 c6 6.Bc4 e6 7.Nf3 Nd7 8.Qe2 Be7 9.O-O Qc7 
10.Bb3 Ngf6 11.Rfe1 O-O 12.h3 Nb6 13.g4 Bg6 14.Ne5 
Nfd5 15.Nxd5 Nxd5 16.c4 Nb4 17.d5 Bc2 18.dxe6 fxe6 
19.Bxb4 Bxb4 20.Bxc2 Bxe1 21.Rxe1 Rf6 22.Qe4 g5 
23.Rd1 Rf4 24.Qe3 Rd8 25.Rxd8+ Qxd8 26.Nd3 Rd4 
27.Qxe6+ Kg7 28.Nc5 Qd6 29.Qf5 1-0

[Event "HCL-B275"]
[Site "www.playchess.de"]
[Date "2001.04.24"]
[Round "18"]
[White "Grom"]
[Black "Michael"]
[WhiteElo "1200"]
[BlackElo "914"]
[PlyCount "43"]
[Result "1-0"]

1.e4 {Hi! Where are you from?}  e5 2.Nf3 Nf6 3.Nc3 
Nc6 4.Bc4 Bc5 5.O-O d6 6.a3 a5 7.Ng5 Rf8 8.Nxf7 
Qd7 9.Ng5 Ng4 10.Be6 Qe7 11.Bxg4 Qxg5 12.Bxc8 Rxc8 
13.d3 Bxf2+ 14.Rxf2 Qe7 15.Be3 g6 16.Qg4 Rb8 
17.Bg5 Qg7 18.Qe6+ Ne7 19.Rxf8+ Qxf8 20.Rf1 Qg7 
21.Nd5 h6 22.Bxe7 1-0

[Event "HCL-C263"]
[Site "www.playchess.de"]
[Date "2001.04.24"]
[Round "9"]
[White "Michael2001"]
[Black "lienk"]
[WhiteElo "798"]
[BlackElo "1021"]
[PlyCount "46"]
[Result "0-1"]

1.e4 e5 2.Nc3 Nf6 3.Bc4 Be7 4.Nf3 Nc6 5.O-O O-O 
6.Re1 Bc5 7.h3 d6 8.a3 Na5 9.Be2 Bd4 10.Nxd4 exd4 
11.Nb5 Nxe4 12.Nxd4 Qf6 13.Nf3 Nc6 14.d3 Nc5 15.c3 
Ne7 16.Bg5 Qg6 17.Bxe7 Re8 18.Bh4 Bxh3 19.Bg5 Ne6 
20.g3 Nxg5 21.Nxg5 Qxg5 22.d4 Re3 23.fxe3 
Qxg3+ 0-1

[Event "HCL-B276"]
[Site "www.playchess.de"]
[Date "2001.04.24"]
[Round "6"]
[White "monching"]
[Black "CHARON"]
[WhiteElo "1301"]
[BlackElo "1557"]
[PlyCount "26"]
[Result "0-1"]

1.e4 e5 2.Bc4 Nf6 3.d3 Bc5 4.Nf3 Nc6 5.c3 O-O 6.a4 
d5 7.exd5 Nxd5 8.O-O Bg4 9.Nbd2 Nf4 10.Ne4 Bb6 
11.b4 a6 12.Be3 Nd5 13.Bxb6 Nxb6 0-1